[Event "Belgrade Serbia op"]
[Site "Belgrade"]
[Date "2024.07.15"]
[Round "4"]
[White "Todev, Simeon"]
[Black "Damljanovic, Branko"]
[Result "0-1"]
[WhiteElo "2138"]
[BlackElo "2364"]
[PlyCount "118"]
[EventDate "2024.07.12"]
[EventType "swiss"]
[EventRounds "9"]
[EventCountry "SRB"]
[SourceTitle "CB30_2024"]
[SourceDate "2024.07.24"]
[SourceVersion "1"]
[SourceVersionDate "2024.07.24"]
[SourceQuality "1"]

1. e4 e5 2. Nf3 Nc6 3. Bb5 a6 4. Ba4 d6 5. c3 Bd7 6. 0-0 g6 7. d4 Bg7 8. Be3 Nf6 9. dxe5 Nxe5 10. Nxe5 dxe5 11. Bxd7+ Qxd7 12. Qxd7+ Kxd7 13. f3 h5 14. Na3 Ke6 15. Rad1 Rhd8 16. Kf2 b5 17. Ke2 Rdb8 18. Nc2 a5 19. Rd2 Bf8 20. Rfd1 Bd6 21. Bf2 b4 22. Ne3 bxc3 23. bxc3 Ne8 24. Nd5 Ra6 25. Rc2 f5 26. Rdd2 Ba3 27. exf5+ gxf5 28. Rd3 Bf8 29. c4 c6 30. Ne3 a4 31. Rcd2 a3 32. Nc2 Nf6 33. Na1 Ra4 34. Rc2 Rbb4 35. Nb3 Rxc4 36. Rdc3 Rxc3 37. Rxc3 Nd5 38. Rxc6+ Kf7 39. Be1 h4 40. g3 h3 41. Nc5 Ra8 42. Nd3 Re8 43. Rc4 e4 44. fxe4 fxe4 45. Nc1 Bg7 46. Nb3 Bb2 47. Nc5 Nf6 48. Bf2 Kg6 49. Nb3 Kg5 50. Rc5+ Re5 51. Nd4 Bxd4 52. Bxd4 Rxc5 53. Bxc5 Ng4 54. Bxa3 Nxh2 55. Bc5 Ng4 56. Bg1 Ne5 57. Kf1 Kg4 58. a4 Kf3 59. a5 e3 0-1

[Event "Paracin op-A 17th"]
[Site "Paracin"]
[Date "2024.07.03"]
[Round "1"]
[White "Demirtas, Alper"]
[Black "Damljanovic, Branko"]
[Result "0-1"]
[WhiteElo "2076"]
[BlackElo "2364"]
[PlyCount "96"]
[EventDate "2024.07.03"]
[EventType "swiss"]
[EventRounds "9"]
[EventCountry "SRB"]
[SourceTitle "CB29_2024"]
[SourceDate "2024.05.01"]
[SourceVersion "1"]
[SourceVersionDate "2024.05.01"]
[SourceQuality "1"]

1. Nf3 Nf6 2. b3 d6 3. d4 c5 4. dxc5 Qa5+ 5. Nbd2 Qc3 6. Rb1 Bf5 7. Bb2 Qxc5 8. Bxf6 gxf6 9. e4 Bd7 10. b4 Qc7 11. Bd3 Nc6 12. 0-0 h5 13. Nc4 e6 14. Kh1 Rd8 15. Qe2 Ne7 16. Nh4 d5 17. Nd2 Bh6 18. Ndf3 dxe4 19. Bxe4 f5 20. Bd3 Nd5 21. Qe1 0-0 22. g3 Nc3 23. Rb3 Bg7 24. b5 Qc5 25. Qe3 Qxe3 26. fxe3 Rc8 27. a3 Rc5 28. Nd4 Nd5 29. Re1 Nxe3 30. Nxe6 Bxe6 31. Rxe3 Bxb3 32. cxb3 Rc3 33. Nxf5 Rxb3 34. a4 Rd8 35. Bf1 Rxe3 36. Nxe3 b6 37. Kg2 Rd2+ 38. Kh3 Bd4 39. Ng2 Bg1 40. Bc4 Kf8 41. Bb3 Ke7 42. Bc4 f5 43. Bg8 Kf6 44. Bc4 f4 45. gxf4 Rc2 46. Bd5 Rc3+ 47. Kh4 Bf2+ 48. Kxh5 Rc5 0-1

[Event "Cetinje Dragasevic Memorial"]
[Site "Cetinje"]
[Date "2024.06.29"]
[Round "9"]
[White "Damljanovic, Branko"]
[Black "Karthik, Venkataraman"]
[Result "0-1"]
[WhiteElo "2364"]
[BlackElo "2590"]
[PlyCount "108"]
[EventDate "2024.06.22"]
[EventType "swiss"]
[EventRounds "9"]
[EventCountry "MNE"]
[SourceTitle "CB27_2024"]
[SourceDate "2024.07.03"]
[SourceVersion "1"]
[SourceVersionDate "2024.07.03"]
[SourceQuality "1"]

1. Nf3 b6 2. e4 Bb7 3. Nc3 e6 4. d4 Bb4 5. Bd3 Nf6 6. e5 Ne4 7. 0-0 Nxc3 8. bxc3 Be7 9. Ne1 c5 10. Qg4 g6 11. Bh6 d5 12. f4 Bc8 13. Nf3 c4 14. Be2 Kd7 15. Qh3 Qg8 16. a4 Nc6 17. g4 Kc7 18. Qg3 Bf8 19. Bg5 h6 20. Bf6 Bg7 21. Kf2 Bxf6 22. exf6 Kb7 23. Rfb1 a5 24. Rb2 Qd8 25. Rab1 Ra6 26. g5 h5 27. Nd2 Qc7 28. Nxc4 dxc4 29. Bxc4 Ka7 30. Bxa6 Bxa6 31. f5 Qxg3+ 32. hxg3 exf5 33. Rxb6 Rc8 34. R6b2 Re8 35. Re1 Rxe1 36. Kxe1 Bc4 37. Kf2 Nd8 38. d5 Bxd5 39. Rb5 Bc6 40. Rxa5+ Kb6 41. Re5 Bxa4 42. Re7 Kc6 43. Ke3 Bb5 44. Re5 Bc4 45. Kd4 Be6 46. c4 Kd6 47. c5+ Kd7 48. Re1 Nc6+ 49. Kd3 Bd5 50. Ke3 Be4 51. Rd1+ Kc7 52. c3 Ne5 53. Ra1 Nd7 54. Ra7+ Bb7 0-1

[Event "Novi Sad TS GM/IM Mix 189th"]
[Site "Novi Sad"]
[Date "2024.03.01"]
[Round "2"]
[White "Ljepic, Andrej"]
[Black "Damljanovic, Branko"]
[Result "1/2-1/2"]
[WhiteElo "2276"]
[BlackElo "2377"]
[PlyCount "104"]
[EventDate "2024.02.29"]
[EventType "swiss"]
[EventRounds "9"]
[EventCountry "SRB"]
[SourceTitle "CB12_2024"]
[SourceDate "2023.10.01"]
[SourceVersion "1"]
[SourceVersionDate "2023.10.01"]
[SourceQuality "1"]

1. e4 c5 2. Nf3 e6 3. c3 d5 4. exd5 exd5 5. d4 a6 6. Be3 c4 7. b3 cxb3 8. axb3 Nc6 9. Bd3 Bd6 10. 0-0 Nge7 11. Nbd2 Bf5 12. Qb1 Bxd3 13. Qxd3 h6 14. Rfe1 0-0 15. Nf1 Qd7 16. Bd2 Rad8 17. Ne3 Bf4 18. Nc2 Ng6 19. g3 Bb8 20. Ne3 f5 21. Ng2 Rf6 22. Bf4 Bxf4 23. gxf4 Qc7 24. Ne5 Ncxe5 25. fxe5 Rb6 26. b4 f4 27. Ra5 Qf7 28. Qf3 Kh8 29. Rc5 Rc6 30. Rxc6 bxc6 31. Qg4 f3 32. Ne3 Kh7 33. Qf5 Rf8 34. Qxf7 Rxf7 35. Ra1 Nf4 36. Rxa6 Ne2+ 37. Kh1 Nxc3 38. e6 Rc7 39. Nf5 Ne4 40. Kg1 Kg6 41. Rxc6 Rxc6 42. Ne7+ Kf6 43. Nxc6 Kxe6 44. Ne5 Nc3 45. Nxf3 Kf5 46. Kg2 Ke4 47. h4 Nb5 48. Kg3 h5 49. Ng1 Kf5 50. Nf3 Ke4 51. Ng1 Kf5 52. Nf3 Ke4 1/2-1/2

[Event "Senta Fantastico op 02"]
[Site "Senta"]
[Date "2024.02.26"]
[Round "7"]
[White "Kecskemeti, Arpad"]
[Black "Damljanovic, Branko"]
[Result "1-0"]
[WhiteElo "2216"]
[BlackElo "2377"]
[PlyCount "91"]
[EventDate "2024.02.22"]
[EventType "swiss"]
[EventRounds "9"]
[EventCountry "SRB"]
[SourceTitle "CB10_2024"]
[SourceDate "2024.03.06"]
[SourceVersion "1"]
[SourceVersionDate "2024.03.06"]
[SourceQuality "1"]

1. e4 c5 2. Nf3 e6 3. d4 cxd4 4. Nxd4 a6 5. Nc3 Qc7 6. Bd3 Nf6 7. 0-0 Bc5 8. Nb3 Be7 9. a4 Nc6 10. f4 d6 11. Be3 b6 12. Qf3 Bb7 13. Qf2 Bd8 14. h3 0-0 15. f5 exf5 16. Qxf5 Ne5 17. Rae1 Nfd7 18. Bd4 Bh4 19. Re2 g6 20. Qf4 Qd8 21. Be3 Bf6 22. Rd2 Qe7 23. Be2 Rfd8 24. Bxb6 Nxb6 25. Qxf6 Qxf6 26. Rxf6 Nbc4 27. Bxc4 Nxc4 28. Rd4 Rac8 29. Nd1 Re8 30. Rf4 g5 31. Rf5 h6 32. Nf2 Re6 33. c3 Kg7 34. Nc5 dxc5 35. Rxc4 Rd8 36. Rfxc5 Rd2 37. Rb4 Bc6 38. a5 Rc2 39. Rb6 Bb5 40. b4 Re7 41. e5 Rc1+ 42. Kh2 Rc2 43. Ng4 Re2 44. c4 Bd7 45. Rxa6 Bxg4 46. hxg4 1-0

[Event "Senta Fantastico op 02"]
[Site "Senta"]
[Date "2024.02.24"]
[Round "4"]
[White "Damljanovic, Branko"]
[Black "Mesic, Ismet"]
[Result "0-1"]
[WhiteElo "2377"]
[BlackElo "2232"]
[PlyCount "74"]
[EventDate "2024.02.22"]
[EventType "swiss"]
[EventRounds "9"]
[EventCountry "SRB"]
[SourceTitle "CB10_2024"]
[SourceDate "2024.03.06"]
[SourceVersion "1"]
[SourceVersionDate "2024.03.06"]
[SourceQuality "1"]

1. Nf3 Nf6 2. c4 e6 3. g3 d5 4. Bg2 Be7 5. 0-0 0-0 6. b3 c5 7. e3 Nc6 8. Bb2 d4 9. exd4 cxd4 10. Re1 Re8 11. a3 a5 12. d3 Bf8 13. Ne5 Nxe5 14. Rxe5 Nd7 15. Rb5 Nc5 16. b4 axb4 17. axb4 Rxa1 18. Bxa1 Na6 19. Qb3 b6 20. Bc6 Re7 21. Na3 Ra7 22. Bb2 Nb8 23. Be4 Bd7 24. Rh5 g6 25. Nb5 Ra6 26. Rh4 Be7 27. Nxd4 Bxh4 28. gxh4 Qxh4 29. b5 Ra7 30. Nf3 Qg4+ 31. Kh1 e5 32. Nxe5 Qe2 33. Kg2 Be6 34. Bf3 Qd2 35. h4 Qf4 36. Qc3 f6 37. Nc6 Bh3+ 0-1

[Event "Belgrade Serbia op"]
[Site "Belgrade"]
[Date "2023.07.18"]
[Round "3"]
[White "Aswath, S."]
[Black "Damljanovic, Branko"]
[Result "1-0"]
[WhiteElo "2251"]
[BlackElo "2422"]
[PlyCount "120"]
[EventDate "2023.07.16"]
[EventType "swiss"]
[EventRounds "9"]
[EventCountry "SRB"]
[SourceTitle "CBM 215 Extra"]
[Source "ChessBase"]
[SourceDate "2023.09.30"]
[SourceVersion "1"]
[SourceVersionDate "2023.09.30"]
[SourceQuality "1"]

1. e4 c5 2. Nf3 Nc6 3. d4 cxd4 4. Nxd4 Qc7 5. Nc3 e6 6. Be3 a6 7. Nxc6 bxc6 8. Qf3 d5 9. 0-0-0 Nf6 10. Bd4 Bb7 11. exd5 cxd5 12. Bd3 Bd6 13. Rhe1 Kf8 14. Qe2 Nd7 15. Qf3 Ne5 16. Qh5 f6 17. Bf1 Qf7 18. Qxf7+ Kxf7 19. Ne4 Be7 20. Ng5+ fxg5 21. Bxe5 a5 22. Be2 h5 23. Rd3 Ba6 24. Rb3 Bf6 25. Bd1 g4 26. h3 gxh3 27. Rxh3 h4 28. Bg4 Rae8 29. Bxf6 gxf6 30. Reh1 f5 31. Bf3 Rc8 32. Rxh4 Rxh4 33. Rxh4 Bd3 34. Bd1 e5 35. Rh7+ Kf6 36. Kd2 Bf1 37. g3 d4 38. Rh6+ Kg5 39. Re6 Rc5 40. Rxe5 Rxe5 41. f4+ Kf6 42. fxe5+ Kxe5 43. Be2 Bg2 44. a3 Be4 45. Bd3 Bd5 46. c4 dxc3+ 47. Kxc3 Be6 48. Bc2 Bd5 49. Bd3 Be6 50. Bc4 Bd7 51. Kd3 Ba4 52. Ke3 Bd7 53. b4 axb4 54. axb4 Bc8 55. b5 Kd6 56. Kf4 Kc5 57. Bd3 Bd7 58. Ke5 Kb6 59. Kd5 Bc8 60. Kd6 Bb7 1-0

[Event "Belgrade Serbia op"]
[Site "Belgrade"]
[Date "2023.07.16"]
[Round "1"]
[White "Ivanovic, Marko"]
[Black "Damljanovic, Branko"]
[Result "1/2-1/2"]
[WhiteElo "2254"]
[BlackElo "2422"]
[PlyCount "81"]
[EventDate "2023.07.16"]
[EventType "swiss"]
[EventRounds "9"]
[EventCountry "SRB"]
[SourceTitle "CBM 215 Extra"]
[Source "ChessBase"]
[SourceDate "2023.09.30"]
[SourceVersion "1"]
[SourceVersionDate "2023.09.30"]
[SourceQuality "1"]

1. e4 c5 2. Nc3 e6 3. Nf3 Nc6 4. d4 cxd4 5. Nxd4 Qc7 6. Be2 Nf6 7. 0-0 Be7 8. Be3 d6 9. f4 Bd7 10. Qe1 a6 11. Qg3 h5 12. Rad1 Kf8 13. h3 h4 14. Qf2 b5 15. a3 Rc8 16. Nf3 Be8 17. Nxh4 b4 18. axb4 Nxb4 19. Bd3 Nxd3 20. cxd3 Nxe4 21. Ng6+ fxg6 22. dxe4 Kg8 23. f5 Qd7 24. fxe6 Qxe6 25. Qg3 Bc6 26. Rf4 Rh5 27. Rg4 Kh7 28. Ne2 Bxe4 29. Nf4 Qb3 30. Re1 Re5 31. Nxg6 Bxg6 32. Rxg6 Bf8 33. Rg5 Rce8 34. Rxe5 Rxe5 35. Qh4+ Kg8 36. Bd4 Rxe1+ 37. Qxe1 a5 38. Kh2 a4 39. Qe8 Qc4 40. Qe3 Qd5 41. Bc3 1/2-1/2

[Event "Paracin op 16th"]
[Site "Paracin"]
[Date "2023.07.13"]
[Round "7"]
[White "Stoyanov, Viktor"]
[Black "Damljanovic, Branko"]
[Result "0-1"]
[WhiteElo "2258"]
[BlackElo "2422"]
[PlyCount "66"]
[EventDate "2023.07.07"]
[EventType "swiss"]
[EventRounds "9"]
[EventCountry "SRB"]
[SourceTitle "EXT 2024"]
[Source "ChessBase"]
[SourceDate "2023.10.10"]
[SourceVersion "1"]
[SourceVersionDate "2023.10.10"]
[SourceQuality "1"]

1. d4 d6 2. Nf3 g6 3. c4 Bg7 4. Nc3 Bg4 5. e3 c5 6. Be2 Nc6 7. d5 Na5 8. Qa4+ Bd7 9. Qc2 Nf6 10. 0-0 0-0 11. h3 e5 12. a3 b6 13. Nd2 Ne8 14. b4 Nb7 15. Bb2 f5 16. f4 g5 17. Rae1 Qe7 18. Nd1 cxb4 19. axb4 a5 20. b5 Rc8 21. Qb1 Nc5 22. Kh2 Nf6 23. fxg5 Nfe4 24. Nxe4 Nxe4 25. Qd3 Qxg5 26. Nc3 Qg3+ 27. Kg1 Ng5 28. Qd2 Rf6 29. Rf3 Nxf3+ 30. Bxf3 Rxc4 31. e4 Bh6 32. Qf2 Qxf2+ 33. Kxf2 Bd2 0-1

[Event "Paracin op 16th"]
[Site "Paracin"]
[Date "2023.07.08"]
[Round "3"]
[White "Damljanovic, Branko"]
[Black "Vignesh, B."]
[Result "1-0"]
[WhiteElo "2422"]
[BlackElo "2197"]
[PlyCount "95"]
[EventDate "2023.07.07"]
[EventType "swiss"]
[EventRounds "9"]
[EventCountry "SRB"]
[SourceTitle "EXT 2024"]
[Source "ChessBase"]
[SourceDate "2023.10.10"]
[SourceVersion "1"]
[SourceVersionDate "2023.10.10"]
[SourceQuality "1"]

1. e4 c5 2. Nf3 Nc6 3. Bb5 g6 4. 0-0 Bg7 5. c3 a6 6. Bxc6 dxc6 7. d3 Bg4 8. h3 Bxf3 9. Qxf3 Nf6 10. Qe2 e5 11. a4 a5 12. Na3 Nh5 13. g3 0-0 14. Be3 Qe7 15. Nc4 Bf6 16. Qg4 Bg7 17. Rad1 f5 18. exf5 Rxf5 19. Nd2 b6 20. Ne4 Raf8 21. Rfe1 Kh8 22. Rd2 Nf4 23. gxf4 exf4 24. Bxc5 bxc5 25. Qf3 Rh5 26. Rde2 Qd7 27. Kg2 h6 28. Nd2 Rff5 29. Re8+ Kh7 30. R1e7 Rfg5+ 31. Kf1 Qf5 32. Rd8 Rxh3 33. Rdd7 Rxf3 34. Rxg7+ Kh8 35. Nxf3 Qh3+ 36. Ke2 Qe6+ 37. Kf1 Qh3+ 38. Ke2 Qe6+ 39. Kf1 Rd5 40. Rh7+ Kg8 41. Rdg7+ Kf8 42. Rb7 Kg8 43. Rhe7 Qh3+ 44. Ke2 Rd8 45. Ne5 Qh5+ 46. Kd2 Ra8 47. Rg7+ Kf8 48. Nxg6+ 1-0

[Event "Arandjelovac op 1st"]
[Site "Arandjelovac"]
[Date "2023.03.22"]
[Round "9"]
[White "Shyam, Nikil P"]
[Black "Damljanovic, Branko"]
[Result "1-0"]
[WhiteElo "2477"]
[BlackElo "2422"]
[PlyCount "89"]
[EventDate "2023.03.15"]
[EventType "swiss"]
[EventRounds "9"]
[EventCountry "SRB"]
[SourceTitle "CBM 213 Extra"]
[Source "ChessBase"]
[SourceDate "2023.05.31"]
[SourceVersion "1"]
[SourceVersionDate "2023.05.31"]
[SourceQuality "1"]

1. e4 c5 2. Nf3 d6 3. Nc3 a6 4. g3 g6 5. d4 cxd4 6. Nxd4 Bg7 7. Bg2 Nf6 8. h3 0-0 9. 0-0 Nc6 10. Nde2 Rb8 11. a4 b5 12. axb5 axb5 13. Nd5 Nd7 14. c3 e6 15. Ne3 Nf6 16. Nd4 Ne7 17. Nec2 e5 18. Nb3 Bb7 19. Qe2 d5 20. Nc5 dxe4 21. Nxb7 Rxb7 22. Bg5 Nfd5 23. Bxe7 Rxe7 24. Qxb5 f5 25. Rfd1 Rd7 26. c4 Nf6 27. Rxd7 Qxd7 28. Qxd7 Nxd7 29. b4 Rc8 30. Bf1 Bf8 31. Ra7 Nb8 32. c5 Rd8 33. Bc4+ Kh8 34. Rf7 Nc6 35. Kf1 Bh6 36. b5 Na5 37. Be2 f4 38. gxf4 exf4 39. f3 Rd2 40. Ne1 exf3 41. Nxf3 Rc2 42. Ra7 Rc1+ 43. Kg2 Rxc5 44. Rxa5 Rc2 45. Nd4 1-0

[Event "Belgrade Gligoric Trophy Gp-A"]
[Site "Belgrade"]
[Date "2023.02.06"]
[Round "1"]
[White "Injac, Teodora"]
[Black "Damljanovic, Branko"]
[Result "1-0"]
[WhiteElo "2383"]
[BlackElo "2420"]
[PlyCount "96"]
[EventDate "2023.02.06"]
[EventType "tourn (rapid)"]
[EventRounds "6"]
[EventCountry "SRB"]
[EventCategory "10"]
[SourceTitle "CBM 212 Extra"]
[Source "ChessBase"]
[SourceDate "2023.03.31"]
[SourceVersion "1"]
[SourceVersionDate "2023.03.31"]
[SourceQuality "1"]

1. d4 Nf6 2. c4 g6 3. Nf3 Bg7 4. g3 0-0 5. Bg2 d6 6. 0-0 c6 7. Nc3 Qb6 8. c5 dxc5 9. Na4 Qd8 10. Nxc5 Nbd7 11. Nd3 Nb6 12. a4 a5 13. Re1 Bf5 14. Nc5 Qc8 15. Qb3 Nbd7 16. Ng5 Nxc5 17. dxc5 h6 18. e4 Bg4 19. Nf3 Nd7 20. Be3 Rd8 21. h3 Bxf3 22. Bxf3 Ne5 23. Bg2 Nd3 24. Red1 Nxb2 25. Rxd8+ Qxd8 26. Rb1 g5 27. Kh2 Rb8 28. Rxb2 Bxb2 29. Qxb2 Qd1 30. Qe5 Re8 31. Bd4 f6 32. Qe6+ Kf8 33. Be3 Qxa4 34. e5 Qa1 35. exf6 Qxf6 36. Qd7 a4 37. Qxb7 a3 38. Qa6 Qb2 39. Qxc6 e6 40. Qd6+ Re7 41. Bd4 Qd2 42. Bg7+ Kxg7 43. Qxe7+ Kg8 44. Qxe6+ Kf8 45. Qxh6+ Ke7 46. Qg7+ Kd8 47. c6 a2 48. Qa7 Ke8 1-0

[Event "Belgrade Gligoric Trophy Gp-A"]
[Site "Belgrade"]
[Date "2023.02.06"]
[Round "6"]
[White "Ivic, Velimir"]
[Black "Damljanovic, Branko"]
[Result "1-0"]
[WhiteElo "2589"]
[BlackElo "2420"]
[PlyCount "61"]
[EventDate "2023.02.06"]
[EventType "tourn (rapid)"]
[EventRounds "6"]
[EventCountry "SRB"]
[EventCategory "10"]
[SourceTitle "CBM 212 Extra"]
[Source "ChessBase"]
[SourceDate "2023.03.31"]
[SourceVersion "1"]
[SourceVersionDate "2023.03.31"]
[SourceQuality "1"]

1. e4 c5 2. Nf3 d6 3. d4 cxd4 4. Nxd4 Nf6 5. Nc3 a6 6. Be3 e6 7. a3 Be7 8. g4 h5 9. gxh5 Rxh5 10. Qe2 e5 11. Nb3 Bg4 12. f3 Be6 13. 0-0-0 Nbd7 14. Rg1 g6 15. f4 Rc8 16. f5 gxf5 17. exf5 Bxf5 18. Bg2 Rxh2 19. Rdf1 Bg6 20. Rh1 Rxh1 21. Rxh1 Rxc3 22. bxc3 Qc7 23. c4 d5 24. Rh8+ Nf8 25. cxd5 Bxa3+ 26. Kd1 Bd6 27. c4 b6 28. c5 bxc5 29. Qxa6 N6d7 30. Na5 Nb6 31. Bh6 1-0

[Event "Belgrade Gligoric 100 Ann op"]
[Site "Belgrade"]
[Date "2023.02.05"]
[Round "9"]
[White "Damljanovic, Branko"]
[Black "Drazic, Sinisa"]
[Result "1/2-1/2"]
[WhiteElo "2420"]
[BlackElo "2370"]
[PlyCount "98"]
[EventDate "2023.02.05"]
[EventType "swiss (blitz)"]
[EventRounds "11"]
[EventCountry "SRB"]
[SourceTitle "EXT 2024"]
[Source "ChessBase"]
[SourceDate "2023.10.10"]
[SourceVersion "1"]
[SourceVersionDate "2023.10.10"]
[SourceQuality "1"]

1. Nf3 Nf6 2. c4 c6 3. d4 d5 4. Nc3 a6 5. c5 g6 6. Bf4 Bg7 7. h3 0-0 8. e3 Ne4 9. Nxe4 dxe4 10. Nd2 e5 11. dxe5 Qa5 12. a3 Qxc5 13. Nxe4 Qe7 14. Qd6 Qxd6 15. Nxd6 Nd7 16. 0-0-0 Nxe5 17. Bxe5 Bxe5 18. Bc4 b5 19. Ba2 c5 20. f4 Bxd6 21. Rxd6 c4 22. e4 Bb7 23. Re1 Rfe8 24. Bb1 Rad8 25. Rxd8 Rxd8 26. g3 f6 27. Bc2 Kf7 28. Rd1 Re8 29. Rd7+ Re7 30. Rxe7+ Kxe7 31. Kd2 Kd6 32. Ke3 Kc5 33. g4 g5 34. e5 gxf4+ 35. Kxf4 fxe5+ 36. Kxe5 h6 37. h4 Bf3 38. g5 hxg5 39. hxg5 a5 40. g6 Bd5 41. Bf5 b4 42. a4 c3 43. bxc3 bxc3 44. Bc2 Bc4 45. g7 Bg8 46. Kf4 Kd4 47. Kf3 Bd5+ 48. Kf4 Bg8 49. Kf3 Bd5+ 1/2-1/2